[Event "Poikovsky Karpov 06th"]
[Site "Poikovsky"]
[Date "2005.03.05"]
[Round "7"]
[White "Bologan, Viktor"]
[Black "Vaganian, Rafael A"]
[Result "1-0"]
[WhiteElo "2683"]
[BlackElo "2670"]
[Annotator "Dautov,R"]
[PlyCount "105"]
[EventDate "2005.02.26"]
[EventType "tourn"]
[EventRounds "9"]
[EventCountry "RUS"]
[EventCategory "18"]
[SourceTitle "CBM 106"]
[Source "ChessBase"]
[SourceDate "2005.06.06"]
[SourceVersion "1"]
[SourceVersionDate "2005.06.06"]
[SourceQuality "1"]

1. d4 d5 2. c4 e6 3. Nc3 Be7 4. Nf3 Nf6 5. Bg5 h6 6. Bh4 O-O 7. e3 b6 8. Bd3
Bb7 9. O-O Nbd7 10. Bg3 Bd6 {Ein durchaus solider, wenn auch seltener Zug.
Wahrscheinlich wollte Vaganian der theoretischen Diskussion nach der
Standardantwort 10...c5 aus dem Weg gehen.} (10... c5 11. cxd5 (11. Qe2 {
ist die Hauptfortsetzung.}) 11... Nxd5 12. Nxd5 exd5 13. Ne5 Nxe5 14. Bxe5 c4
15. Bc2 f6 16. Bf4 f5 17. Be5 b5 18. f4 Bc8 19. Rf3 Bf6 20. Rg3 Qe8 21. h4 a5
$11 {Bologan,V-Short,N/Sarajevo 2004}) 11. cxd5 (11. Rc1 Bxg3 12. hxg3 c5 13.
Qe2 a6 14. a4 Ne4 $11 {Mikhalchishin,A-Diaz,J/Tirnavia-B 1988}) 11... Nxd5 12.
Nxd5 (12. e4 Nxc3 13. bxc3 Bxg3 14. fxg3 $5 c5 $1 (14... e5 15. Qe2 Qe7 16. Nh4
g6 17. Bc4 $36 {Novikov,I-Doroshkievich,V/RUS-Cup1 Chigorin mem 1996}) 15. Qe2
cxd4 16. cxd4 Rc8 17. Rad1 Qe7 18. g4 Rc3 19. h4 Rfc8 20. g5 hxg5 21. Nxg5 f6
22. Nh3 e5 $15 {Campos Moreno,J-Sargissian,G/Linares 2000}) 12... Bxg3 13. hxg3
Bxd5 {Dies ist natürlich besser als 13...exd5.} (13... exd5 14. Rc1 c5 15. Bf5
c4 16. Qa4 Nf6 17. b3 g6 18. Bh3 cxb3 19. axb3 Re8 20. Rc2 Re7 21. Rfc1 $14 {
Akesson,R-Griffin,D/London 1994}) 14. e4 Bb7 15. b4 c5 {Ein logischer Zug.
Schwarz hatte auch eine gute Alternative 15...e5!? mit Gegenspiel im Zentrum.}
(15... e5 $5 16. d5 (16. dxe5 Qe7 17. e6 Qxe6 $11) (16. Nxe5 Nxe5 17. dxe5 Qd4
18. Qc2 Qxe5 $11) 16... c6 17. dxc6 (17. Bc4 cxd5 18. Bxd5 Bxd5 19. Qxd5 Nf6
$11) 17... Bxc6 18. Rc1 Qf6 19. Qe2 a5 $11) 16. bxc5 bxc5 17. Rb1 Rb8 {Erlaubt
den Ausfall der weißen Dame auf a4. Möglich war 17...Bc6, und Schwarz sollte
nach und nach ausgleichen.} (17... Bc6 $1 18. Qc2 (18. Qe2 Qa5 19. Rfc1 Rab8
$11) 18... Rc8 19. Ba6 (19. dxc5 $2 Nxc5) 19... Rc7 20. Rfc1 (20. dxc5 Ba8)
20... Qa8 21. Bd3 Rfc8 $11) 18. Qa4 a5 (18... Nf6 $5 19. Qxa7 (19. Rfe1 a5) (
19. e5 $2 Nd7 $11) 19... Bxe4 20. Bxe4 Nxe4 21. dxc5 Ra8 $11) 19. Rfd1 cxd4 20.
Qxd4 Nf6 21. Qe3 Ba8 22. Rbc1 (22. Rxb8 Qxb8 23. Rb1 Qc7 $11) 22... Qe7 (22...
Rb2 $5 $11) 23. Nd2 Rfc8 $2 {Vaganian unternimmt nichts gegen die Überführung
des weißen Springers auf c4. Angezeigt war 23...Rb2!, und das schwarze
Gegenspiel sollte locker zum Ausgleich reichen.} (23... Rb2 $1 24. Bb1 (24. a4
$6 Rb4 $15) (24. e5 Nd5 25. Qe4 g6) 24... Rd8 25. Nc4 Rxd1+ 26. Rxd1 Rb4 $11)
24. Nc4 e5 $6 {Um das eventuelle e4-e5 zu verhindern, schwächt Vaganian seinen
e-Bauern, eine prinzipiell falsche Entscheidung.} (24... a4 $1 $13) 25. f3 $1 (
25. Nxa5 Qb4 26. Nc4 Bxe4 27. Nxe5 Bxd3 28. Nxd3 Qa3 $11) 25... Rc5 26. Bf1 $14
{Dank dem ungenauen schwarzen Spiel bekam Bologan einen kleinen, aber
langfristigen Vorteil. Seine Figuren stehen sehr kompakt, und die schwarzen
Bauern a5 und e5 sind empfindlich schwach.} Kh7 27. Nb6 Rxc1 28. Rxc1 Qb4 (
28... Qa7 29. Nc4 Qxe3+ 30. Nxe3 Rb2 31. Nc4 Rxa2 32. Nxe5 $16) 29. Nc4 Rc8 30.
a3 Qe7 31. Rb1 a4 $6 {Danach dringt die weiße Dame mit entscheidendem Effekt
in die gegnerische Stellung ein. Zäher war 31...Rc5.} (31... Rc5 32. Rb8 Bc6
33. Rc8 a4 $14) 32. Rb5 Nd7 33. Qa7 $16 Qe6 34. Rb1 Bc6 35. Rd1 Ra8 36. Qc7 Bb5
37. Ne3 $1 (37. Nxe5 Nxe5 38. Bxb5 Qb3 39. Rd5 f6 $132) 37... Qb3 38. Bxb5
Qxe3+ 39. Kh2 Ra7 40. Qc8 $18 Nc5 41. Qf5+ g6 42. Qxe5 Qg5 43. Qxg5 hxg5 44.
Rd5 Ne6 45. Rd7 Rxd7 46. Bxd7 Nc5 47. Be8 f5 48. e5 Kg7 49. Kh3 Nd3 50. Bxa4
Nxe5 51. Bb5 Nf7 52. a4 Nd6 53. Ba6 1-0

[Event "EU-ch 6th"]
[Site "Warsaw"]
[Date "2005.06.21"]
[Round "4"]
[White "Chuchelov, Vladimir"]
[Black "Georgiev, Kiril"]
[Result "1/2-1/2"]
[WhiteElo "2571"]
[BlackElo "2666"]
[Annotator "Dautov,R"]
[PlyCount "59"]
[EventDate "2005.06.18"]
[EventType "swiss"]
[EventRounds "13"]
[EventCountry "POL"]
[SourceTitle "CBM 108"]
[Source "ChessBase"]
[SourceDate "2005.09.26"]
[SourceVersion "1"]
[SourceVersionDate "2005.09.26"]
[SourceQuality "1"]

1. Nf3 d5 2. d4 Nf6 3. c4 e6 4. Nc3 Be7 5. Bg5 h6 6. Bh4 O-O 7. e3 b6 8. Be2
dxc4 {Kiril spielt des öfteren diese Variante. Weiß bekommt einen leichten
Druck im Zentrum, dafür hat Schwarz keine Probleme mit seiner Bauernstruktur.}
9. Bxc4 Bb7 10. O-O Nbd7 11. Qe2 a6 12. Rad1 (12. a4) (12. Rfd1 b5 13. Bd3 Nd5
14. Bxe7 Qxe7 15. Nxd5 Bxd5 16. e4 Bb7 17. a4 b4 18. a5 c5 19. Rac1 cxd4 20.
Nxd4 Ne5 21. Bb1 Rfc8 $10 {Nikolic,Pr-Georgiev,Kir/Brussels SWIFT/1992/}) 12...
b5 13. Bd3 Nd5 {Ein typisches Entlastungsmanöver, Schwarz will möglichst viele
Leichtfiguren abtauschen.} (13... c5 $6 14. dxc5 b4 15. Bxf6 Bxf6 16. Be4 $14)
(13... b4 $6 14. Na4 $14) 14. Bg3 (14. Bxe7 Qxe7 15. Nxd5 Bxd5 16. e4 Bb7 17.
e5 $6 (17. a4 bxa4 18. Qc2 c5 $10) 17... c5 18. Be4 Bxe4 19. Qxe4 c4 $15 {
Hansen,C (2635)-Georgiev,K (2610)/Biel 1992}) 14... c5 15. Nxd5 Bxd5 16. dxc5
Nxc5 17. Bb1 Qe8 $1 $146 {Der erste neue Zug. Weniger überzeugend wirkt 17...
Qb6.} (17... Qb6 18. Ne5 f5 19. Ng6 Rf7 20. Nxe7+ Rxe7 21. b3 Ne4 22. Be5 Rc8
23. Rc1 Ree8 24. Qb2 $14 {Neverov,V (2535)-Doroshkievich,V (2405)/Sochi 1993})
18. Ne5 Rd8 19. f3 $1 {Weiß kombiniert zwei Drohungen: Qc2 und e3-e4. Da
Schwarz nicht weiß, welche der beiden zum Einsatz kommt, pariert er für alle
Fälle beide.} (19. e4 Ba8 20. Rxd8 Qxd8 21. Rd1 Qa5 $11) 19... f5 $5 (19... Ba8
$2 20. Qc2 f5 21. Rxd8 Qxd8 22. Ng6 Rf7 23. Nxe7+ Qxe7 24. Rc1 $16) 20. Rc1 {
Konsequent wäre 19.e4, aber Vladimir wollte sicher risikolos spielen und in
ruhigem Fahrwasser bleiben.} (20. e4 $1 fxe4 21. fxe4 Ba8 (21... Rxf1+ $6 22.
Rxf1 Ba8 23. Nf7 $16) 22. Rxf8+ Bxf8 23. Rf1 Na4 24. Kh1 $14) 20... Rc8 21.
Rfd1 (21. b4 Na4 22. Rxc8 Qxc8 23. Ng6 Re8 24. Nxe7+ Rxe7 $11) 21... Bf6 (21...
Qh5 $5) 22. b3 Be7 $2 {Ein klares Zeichen der Unentschlossenheit. Schwarz
sollte stattdessen nach 22...Qh5 seine Türme verbinden.} (22... Qh5 $1 23. Qe1
Rfd8 $11) 23. Qe1 Rd8 $6 (23... Bf6 $5) 24. Qa5 $6 {Weiß könnte den Gegner für
die Planlosigkeit bestrafen, 24.e4! gab ihm forciert einen klaren Vorteil.} (
24. e4 fxe4 25. fxe4 Bb7 26. Rxd8 Qxd8 27. Ng6 Rf7 28. Nxe7+ Qxe7 29. Bf2 Nd7
30. Rc7 $16) 24... Ba8 $1 25. Qc7 Kh7 $2 {Erneut ein Fehler, der unbestraft
bleibt!} (25... Rc8 26. Qa7 Bd5 27. Ng6 Rf7 28. Nxe7+ Rxe7 29. Qb6 $14) 26. h4
$2 {Zum 3. Mal kann sich Chuchelov nicht für den vorteilbringenden Vorstoß
entschließen.} (26. e4 $1 {[%cal Rb1h7]} fxe4 27. Bf2 $1 Nd3 28. Nxd3 exd3 29.
Rxd3 Rxd3 30. Bxd3+ Kg8 $16) 26... Rc8 27. Qa7 Rb8 $1 {/\Rb7} 28. Qc7 Rc8 29.
Qa7 (29. Qa5 $5) 29... Rb8 30. Qc7 1/2-1/2

[Event "EU-ch 6th"]
[Site "Warsaw"]
[Date "2005.06.25"]
[Round "7"]
[White "Romanishin, Oleg M"]
[Black "Maze, Sebastien"]
[Result "1-0"]
[WhiteElo "2559"]
[BlackElo "2470"]
[Annotator "Dautov,R"]
[PlyCount "83"]
[EventDate "2005.06.18"]
[EventType "swiss"]
[EventRounds "13"]
[EventCountry "POL"]
[SourceTitle "CBM 108"]
[Source "ChessBase"]
[SourceDate "2005.09.26"]
[SourceVersion "1"]
[SourceVersionDate "2005.09.26"]
[SourceQuality "1"]

1. d4 d5 2. c4 e6 3. Nc3 Nf6 4. Bg5 Be7 5. Nf3 h6 6. Bh4 O-O 7. e3 b6 8. Bd3
dxc4 9. Bxc4 Bb7 10. O-O Nbd7 11. Bg3 c5 12. Qe2 a6 13. a4 cxd4 14. exd4 Re8 $1
{Ein gutes Konzept! Durch den Textzug verhindert Schwarz den in vielen
Varianten möglichen unangenehmen Vorstoß d4-d5.} (14... Bb4 15. Rac1 Bxc3 (
15... Nh5 16. d5 $1 Nxg3 17. hxg3 exd5 18. Nxd5 Bc5 19. b4 Bd6 20. Rfd1 Nf6 21.
Ne3 $14 {Vyzmanavin,A (2605)-Beliavsky,A (2650)/Novosibirsk 199}) (15... Re8 $5
) 16. bxc3 Ne4 17. Bh4 (17. Bd3 Nxg3 18. hxg3 Qc7 19. Rfe1 Rfd8 20. Bb1 Qc6 21.
Qb2 b5 22. Be4 Qc7 $11 {Beliavsky,A (2654)-Georgiev,K (2661)/Novi Sad 2000})
17... Qc7 18. Bd3 Qc6 19. c4 $14 {Mikhalchishin,A (2500)-Ivanchuk,V (2480)/
Lvov 1987}) (14... Nh5 15. d5 Nxg3 16. hxg3 exd5 17. Nxd5 $14) 15. Rfd1 Bb4 16.
Rac1 Nd5 ({In Frage kommt} 16... Nh5 $5 17. Be5 Qe7 $11 {, wonach Schwarz alle
Chancen hat, unter günstigen Umständen den Be5 abzutauschen.}) 17. Bd3 (17. Ne5
N7f6) 17... N7f6 18. Ne5 Nxc3 $6 {Bisher hat Maze gut gespielt, aber nun
greift er fehl. Der Abtausch im Zentrum kommt nur Weiß zugute, der eine starke
Version der hängenden Bauern bekommt. Mit 18...Rc8 hätte Schwarz die Balance
halten können.} (18... Rc8 $1 19. Ne4 (19. Nc4 Qe7 $11) 19... Rxc1 20. Rxc1 Qa8
$11) 19. bxc3 Qd5 20. Nf3 $2 {Nicht die beste Reaktion.} (20. f3 Bxc3 $1 21.
Be4 $1 Bxd4+ 22. Kh1 Nxe4 23. fxe4 Qxe4 24. Qxe4 Bxe4 25. Rxd4 Bd5 26. Nc6 $14)
({Viel stärker war} 20. Qf1 $1 Ba3 (20... Ba5 21. c4 Qd8 22. c5 $16) (20... Bf8
21. Rb1 $16) 21. Rb1 Qa5 22. Rb3 Be7 23. Rdb1 $16) 20... Ba3 $2 {Mit 20...Ba5!
könnte Schwarz seine Schwäche b6 sicher schützen. In der Partie wird es
dagegen nicht mehr gelingen.} (20... Ba5 21. c4 Qc6 22. Qc2 Rac8 $132) 21. Rb1
Qc6 (21... Nd7 22. c4 $14) 22. Qa2 Be7 23. c4 a5 {Mit der Idee 24...Bb4
gespielt, aber dazu kommt Schwarz nicht.} 24. d5 $1 {[%mdl 2048] Es ist Zeit
für einen Durchbruch im Zentrum!} exd5 25. cxd5 Qxd5 26. Bc4 Qh5 27. Ne5 Rf8
28. Be2 $1 $16 {Diesen starken Zwischenzug kann man bei der Berechnung leicht
übersehen. Der Bauer b6 fällt, und die aktiven weißen Figuren übernehmen
vollkommen die Kontrolle über die Stellung.} Qf5 29. Rxb6 Be4 30. Rb5 Bd5 $2 {
Verzweiflung, Schwarz sollte 30...Qc8 versuchen.} (30... Qc8 31. Bc4 Qe8 32.
Re1 $16) 31. Rbxd5 $18 Nxd5 32. Rxd5 Rab8 33. h3 Qb1+ 34. Qxb1 Rxb1+ 35. Kh2
Rfb8 36. Rxa5 {Die letzten Züge sind mit Sicherheit falsch angegeben worden,
aber das Ergebnis der Partie ist einleuchtend.} R8b2 37. Bc4 Bf6 38. Bxf7+ Kh7
39. Bg6+ Kg8 40. h4 Bd8 41. Rb5 Bf6 42. Nd7 1-0

[Event "Corus"]
[Site "Wijk aan Zee"]
[Date "2001.01.25"]
[Round "10"]
[White "Piket, Jeroen"]
[Black "Kasparov, Garry"]
[Result "1/2-1/2"]
[WhiteElo "2632"]
[BlackElo "2849"]
[Annotator "Dautov,R"]
[PlyCount "109"]
[EventDate "2001.01.13"]
[EventType "tourn"]
[EventRounds "13"]
[EventCountry "NED"]
[EventCategory "19"]
[SourceTitle "CBM 081"]
[Source "ChessBase"]
[SourceDate "2001.03.20"]
[SourceVersion "1"]
[SourceVersionDate "2001.03.20"]
[SourceQuality "1"]

1. d4 Nf6 2. c4 e6 3. Nf3 d5 4. Nc3 Be7 5. Bg5 O-O 6. e3 h6 7. Bh4 b6 8. Qb3
Bb7 9. Bxf6 Bxf6 10. cxd5 exd5 11. Rd1 Re8 12. a3 ({Piket nimmt Abstand von} 
12. Bd3 {, was von ihm bereits mehrmals gespielt wurde. Wahrscheinlich
befürchtete er Garys Vorbereitung in der Hauptvariante} c5 13. dxc5 Nd7 14. c6
Bxc6 15. O-O Nc5) 12... c6 13. Bd3 Nd7 14. O-O g6 15. Rd2 $6 $146 {Eine
Neuerung von zweifelhaftem Wert. Piket platziert seine Türme unglücklich auf
der Diagonale c1-h6, was Schwarz die taktische Durchsetzung von c6-c5
ermöglicht.} ({Viel harmonischer war die Turmaufstellung in der Stammpartie
Kortschnoj-Kasparov:} 15. Rfe1 Nf8 16. Bb1 (16. e4 Ne6 17. e5 Bg7 $132) 16...
Ne6 17. Ba2 Qc7 18. Qa4 Rad8 19. b4 Qb8 20. Qc2 Qc7 21. Bb3 Bg7 (21... c5 $1
22. dxc5 bxc5 23. Nxd5 Bxd5 24. Bxd5 cxb4 $11) 22. Qa2 {mit leichtem weißen
Druck, Kortschnoj,V-Kasparov,G/London m 1983.}) (15. e4 c5 $1 16. exd5 cxd4 17.
Ne4 Nc5 $1 18. Nxc5 Bxd5 $11) 15... Nf8 16. Rc1 Ne6 17. Qd1 Qe7 18. Bb1 (18. b4
a5 $132) (18. Bf1 $5 {Kasparov}) 18... Rad8 19. h3 (19. b4 c5 $1 20. dxc5 d4
21. Nxd4 Nxd4 22. exd4 Bxd4 $36) 19... c5 $11 {Schwarz hat vollkommen
ausgeglichen und trachtet nach mehr.} 20. Ba2 h5 $5 {Dies provoziert das
Schlagen auf c5, was letzten Endes nur zu Vereinfachungen führt.} (20... cxd4
21. Nxd4 Nxd4 22. exd4 $11) ({Eine komplizierte Stellung entstand nach} 20...
c4 $5 21. b3 $5 (21. b4 a6 {/\b5}) 21... Qxa3 22. bxc4 dxc4 23. Bxc4 Bxf3 24.
gxf3 Bg7 $13) 21. dxc5 d4 $1 22. Nxd4 (22. exd4 $2 Bxf3 23. Qxf3 Bg5 $17 24.
Nd5 $2 Rxd5 $1) 22... Nxd4 23. exd4 Bxd4 $1 24. c6 $5 (24. Rxd4 {führte
forciert zum Remis:} Rxd4 25. Qxd4 Qg5 26. Bxf7+ Kxf7 27. Qc4+ Kg7 28. Qf1 Bxg2
$1 29. h4 $1 Qf4 $1 30. Kxg2 Qg4+ 31. Kh2 Qxh4+ 32. Kg1 Qg5+ $11) 24... Bxc6
25. Nd5 $1 Bxd5 26. Bxd5 Rxd5 27. Rxd4 Re5 28. Qf3 Rf5 {In dieser vollkommen
remislichen Stellung unterlaufen Piket in Zeitnot einige Ungenauigkeiten.} 29.
Rf4 $6 (29. Qc3 Rc5 30. Rc4 $11) 29... Qg5 30. Rcc4 Rxf4 31. Qxf4 $6 (31. Rxf4
Re1+ 32. Kh2 Qe5 33. g3 $11) 31... Qxf4 32. Rxf4 Re1+ 33. Kh2 Re2 34. b3 Rb2
$15 35. Rf3 Kf8 36. Kg3 Ke7 37. Kf4 f6 38. h4 a5 39. Re3+ Kd6 40. Rd3+ Kc5 {
Die Zeitnot ist vorbei, und Weiß rettet das schlechtere Endspiel.} 41. Ke3 b5
42. g3 Rc2 (42... Ra2 43. b4+ (43. Rc3+ Kd6 44. Rd3+ Ke5 45. Rc3 Rxa3 46. Rc5+
Kd6 47. Rxb5 a4 $17) 43... axb4 44. axb4+ Kxb4 45. Rd6 Ra3+ 46. Kf4 $11) 43. f3
$1 Ra2 (43... b4 44. a4 Rc3 (44... g5 45. Rd8 $11) 45. Kd2 Rxd3+ 46. Kxd3 Kd5
47. g4 $11) 44. b4+ axb4 45. axb4+ Kxb4 46. Rd6 Ra3+ 47. Ke4 (47. Kf4 $2 g5+
$17) (47. Ke2 $5 $11) 47... f5+ 48. Kf4 Kc5 49. Rxg6 b4 50. Re6 b3 51. Re1 Kc4
52. g4 $1 (52. Kxf5 $2 b2 53. Rb1 Rxf3+ 54. Kg5 Rxg3+ 55. Kxh5 Kc3 $19 56. Kh6
Kc2 57. Re1 b1=Q 58. Rxb1 Kxb1 59. h5 Kc2 60. Kh7 Kd3 61. h6 Ke4 62. Kh8 Kf5
63. h7 Kg6 64. Kg8 Kh6+ $19) 52... fxg4 53. fxg4 hxg4 54. Kxg4 b2 55. Rb1
1/2-1/2

[Event "FIDE World Cup"]
[Site "Khanty-Mansiysk"]
[Date "2005.12.16"]
[Round "7.2"]
[White "Aronian, Levon"]
[Black "Ponomariov, Ruslan"]
[Result "1/2-1/2"]
[WhiteElo "2724"]
[BlackElo "2704"]
[Annotator "Dautov,R"]
[PlyCount "151"]
[EventDate "2005.11.27"]
[EventType "k.o."]
[EventRounds "7"]
[EventCountry "RUS"]
[SourceTitle "CBM 111"]
[Source "ChessBase"]
[SourceDate "2006.04.04"]
[SourceVersion "1"]
[SourceVersionDate "2006.04.04"]
[SourceQuality "1"]

1. d4 Nf6 2. c4 e6 3. Nf3 d5 4. Nc3 Be7 5. Bg5 h6 6. Bh4 O-O 7. e3 b6 8. Bd3
dxc4 {Eine solide Entwicklungsart. Unter anderem geht Schwarz allen Varianten
mit Bxf6, cxd5 aus dem Weg.} 9. Bxc4 Bb7 10. O-O Nbd7 11. Qe2 Ne4 12. Nxe4 Bxe4
13. Bg3 Bd6 14. Bb5 $5 {Ein vielseitiger Zug. Weiß verhindert den
Befreiungsvorstoß c7-c5 und will sich mittels Rc1, Bc6 auf dem Punkt c6
einnisten.} (14. Rfd1 Bxg3 15. hxg3 Qe7 16. Rac1 Rfd8 17. Bb5 c5 18. a3 Rac8
19. Ba6 Rc7 $11 {Khalifman,A (2690)-Short,N (2682)/Moscow 2002}) (14. Rac1 Bxg3
15. hxg3 c5 16. Rfd1 Qe7 17. Bb5 Rfd8 $11) 14... Bxg3 15. hxg3 c6 $1 {Die
beste Antwort. Der weiße Läufer wird zurückgeworfen, womit sich Schwarz das
spätere Durchsetzen von c6-c5 erleichtert.} (15... c5 $2 16. Rfd1 Qe7 17. Bxd7
Qxd7 18. dxc5 $16) (15... Qe7 16. Rac1 Qd6 17. Rfd1 $14) 16. Ba4 b5 {
Vorzuziehen war m.E. 16...Rc8 nebst 17...Qe7, aber der Textzug reicht
ebenfalls zum Ausgleich.} (16... Rc8 17. Rfd1 Qe7 18. Rac1 Qb4 $1 19. Bb3 Rfd8
20. Qa6 Rc7 21. Nd2 Bg6 22. Qa4 Qxa4 23. Bxa4 Rdc8 $11 {Berkes,F (2614)
-Portisch,L (2543)/Hungary 2005}) 17. Bc2 Bxc2 18. Qxc2 Qb6 (18... Rc8 $6 19.
b4 Qe7 20. a3 e5 21. Rac1 $14) 19. Rac1 Rfc8 20. g4 $1 {Aronian will eine
zweite Front am Königsflügel eröffnen. Das sture Festlegen des Bauern c6
bringt ihm nichts.} (20. b4 a5 21. a3 axb4 22. axb4 Ra4 $11) 20... Qd8 ({Nach} 
20... c5 21. g5 cxd4 22. Qxc8+ Rxc8 23. Rxc8+ Kh7 24. exd4 hxg5 25. Nxg5+ Kg6
26. Nf3 $14 {wären die weißen Türme stärker als die schwarze Dame.}) 21. Qd3 a6
22. Rfd1 Qe7 23. Rc3 Rc7 $2 {Dies führt Schwarz in Schwierigkeiten, während
ihm 23...c5 einen problemlosen Ausgleich ermöglichte.} (23... c5 24. dxc5 Nxc5
25. Qc2 b4 $1 {Ein wichtiger Zwischenzug.} 26. Rc4 Rc7 27. Rc1 Rac8 $11) 24. a3
Nf6 25. Rdc1 $2 {Stärker war 25.g5!} (25. g5 $1 hxg5 (25... Nd5 26. Rc5 hxg5
27. e4 Nf4 28. Qc2 $16) 26. Rdc1 Rac8 27. Nxg5 e5 (27... c5 28. Rxc5 Rxc5 29.
Rxc5 Rxc5 30. dxc5 Qxc5 31. Qd8+ Qf8 32. Qc7 $16) 28. b4 exd4 29. Qxd4 $14)
25... Nxg4 26. Rxc6 Rac8 27. Rxc7 Rxc7 28. Rc3 Qd6 29. Qc2 Rxc3 30. Qxc3 Qd5 $6
{Schwarz hat noch nicht ausgeglichen, denn die weiße Dame ist aktiver und der
Zenrumsbauer d4 ist mehr Wert als der Randbauer h6. Am besten war es wohl, den
König mit 30...g6 oder 30...g5 abzusichern.} 31. Ne1 $1 {Tapfer gespielt! Die
Drohung f3 und e4 zwingt Schwarz regelrecht zu einer Invasion auf dem
Königsflügel. Aronian hat jedoch deren Folgen ganz genau eingeschätzt.} Qd6 32.
Kf1 Qh2 33. Qc6 $1 g5 34. Qxa6 Qh1+ 35. Ke2 Nh2 36. Qa8+ Kg7 37. Qe4 $2 {
Aronian gewann einen Bauern und konnte hier mit 37.Nd3! seinen Vorteil perfekt
machen. Der naheliegende Textzug gibt Schwarz eine Chance zum Ausgleich.} h5 $2
(37... Qf1+ $1 38. Kd1 Kg8 $1 $11 (38... Qxf2 $4 39. Qe5+)) 38. Kd2 $18 Nf1+
39. Kd1 $6 (39. Kc2 $18) 39... Qg1 40. Qf3 $2 (40. Ke2 Nh2 41. Nd3 $18) 40...
g4 41. Qf4 g3 42. Ke2 h4 43. Nd3 gxf2 $2 {Erneut geht Ponomariov an seiner
Remischance vorbei.} (43... Nh2 $1 44. Qxh4 Qf1+ 45. Kd2 Nf3+ $1 46. gxf3 g2
47. Qg5+ $11) 44. Qxh4 Nxe3 45. Qxf2 Qxf2+ 46. Kxf2 Nf5 47. d5 $1 exd5 48. Nb4
{Das entstandene Springerendspiel ist sehr unangenehm für Schwarz.} d4 $2 (
48... Kf6 $1 49. Nxd5+ Ke5 50. Nc7 Nd6 {, und Schwarz hat gute
Überlebenschancen (Ponomariov).}) 49. Kf3 $16 Nd6 50. b3 f5 51. Nc6 Kf6 52.
Nxd4 Ke5 53. Ke3 f4+ 54. Kd3 Kd5 55. Ne2 Ke5 56. Nc3 (56. Kc3 $1 Ke4 57. Kb4
Ke3 58. Nc3 Kf2 59. Nd5 $18) 56... Nf5 57. Nxb5 Nh4 {[%mdl 256]} 58. a4 Nxg2
59. Nd4 Ne1+ 60. Ke2 Ng2 61. a5 Ne3 62. Kd3 Kd6 63. b4 Ng4 64. Kc4 Ne3+ 65. Kb5
Nd5 66. Nf3 Nc7+ 67. Kc4 Nd5 68. b5 $2 (68. Nd2 Ne3+ 69. Kb5 Nd5 70. Nc4+ Kc7
71. Kc5 $18) 68... Ne3+ $11 69. Kd4 Nf5+ 70. Kc4 Ne3+ 71. Kd3 Kc5 72. b6 Nd5
73. b7 Nb4+ 74. Ke4 Na6 75. Nd4 f3 76. Ne6+ 1/2-1/2